=LDR 00000nam 2200000 4500 =001 NUTBA000000000003070 =005 20140718152908.0 =006 =007 =008 =035 ##$$a 0010-071400000000258 =082 ##$$2 2x1.121 =090 ##$$b 2x1.121-Sir-i =100 ##$$a Drs. Sirajuddinm SA =245 ##$$a Ilmu Tajwid $b Cara Membaca Al-Quran =260 ##$$a Jakarta $b Ikhwan $c 1994 =300 ##$$a iv,113 hlm $b ilus $c 20 cm =990 ##$$a 21400613/BPAP-NTB/20142014